Gaming Quiz

Random Gaming or Border Quiz

Risk: 4-Border Territories Quiz Stats

 Plays Quiz Updated May 20, 2015

Challenge
Share
Tweet
Embed
Score 0/52 Timer 05:00
0 Plays Today
3-border territory Territory % Correct
AlbertaWestern United States
85.6%
Eastern United StatesWestern United States
85.6%
Western United StatesEastern United States
83.2%
ScandinaviaUkraine
82.4%
UralUkraine
82.4%
Northwest TerritoryAlberta
82.1%
Western United StatesAlberta
82.1%
BrazilArgentina
79.2%
AlbertaNorthwest Territory
77.7%
GreenlandNorthwest Territory
77.7%
Great BritainWestern Europe
77.4%
IndiaChina
77%
Northwest TerritoryGreenland
77%
UralChina
77%
Great BritainScandinavia
76.5%
ScandinaviaGreat Britain
76.3%
Western EuropeGreat Britain
76.3%
Great BritainIceland
74.6%
GreenlandIceland
74.6%
ScandinaviaIceland
74.6%
BrazilPeru
73.7%
AlbertaAlaska
71.1%
Northwest TerritoryAlaska
71.1%
Eastern United StatesQuebec
67.3%
GreenlandQuebec
67.3%
BrazilVenezuela
66.1%
3-border territory Territory % Correct
Eastern United StatesCentral America
65.4%
Western United StatesCentral America
65.4%
AlbertaOntario
64.6%
Eastern United StatesOntario
64.6%
GreenlandOntario
64.6%
Northwest TerritoryOntario
64.6%
Western United StatesOntario
64.6%
EgyptSouthern Europe
64.3%
Western EuropeSouthern Europe
64.3%
EgyptMiddle East
61.5%
IndiaMiddle East
61.5%
BrazilNorth Africa
61.2%
EgyptNorth Africa
61.2%
Western EuropeNorth Africa
61.2%
Great BritainNorthern Europe
60.5%
ScandinaviaNorthern Europe
60.5%
Western EuropeNorthern Europe
60.5%
IndiaSiam
57.7%
IrkutskKamchatka
56.1%
IrkutskMongolia
55.8%
IndiaAfghanistan
52.2%
UralAfghanistan
52.2%
EgyptEast Africa
51.7%
IrkutskSiberia
51%
UralSiberia
51%
IrkutskYakutsk
50.7%

You're not logged in!

Compare scores with friends on all Sporcle quizzes.
OR
Log In

You Might Also Like...

Show Comments

Extras

Top Quizzes Today


Score Distribution

Your Account Isn't Verified!

In order to create a playlist on Sporcle, you need to verify the email address you used during registration. Go to your Sporcle Settings to finish the process.

Report this User

Report this user for behavior that violates our Community Guidelines.

Details: